000 00905nam a2200325 a 4500
003 AR-BaBNM
005 20251128204109.0
008 082120s2002 ||||||||||||||000 | spa||
040 _cAR-BaBNM
245 0 0 _aEn tiempos de la república agropecuaria
_b1930-1943
260 _aBuenos Aires
_bCentro Editor de América Latina
_c1983
300 _a143 p.
490 0 _aBiblioteca Política Argentina
_vv. 40
600 1 4 _aLugones, Leopoldo
600 1 4 _aDe La Torre, Lisandro
600 1 4 _aStorni, Alfonsina
600 1 4 _aPalacios, Alfredo L.
650 4 _aSIGLO VEINTE
650 4 _aHISTORIA POLITICA
650 4 _aCRISIS POLITICAS
650 4 _aPROBLEMAS SOCIALES
650 4 _aANALFABETISMO
650 4 _aCORRUPCION
650 4 _aDESEMPLEO
651 4 _aArgentina
700 1 _aPereira, Susana
_ecompilador
800 1 _aTroncoso, Oscar
_edirector
942 _cBK
998 _cGrace
999 _c6154
_d6154